[Event "Ostsjaellands EMT 2006"]
[Site "Faxe"]
[Date "2006.03.29"]
[Round "3"]
[White "Toftvang, Ove"]
[Black "Christoffersen, Per"]
[Result "0-1"]
[WhiteElo "1257"]
[BlackElo "1511"]
[PlyCount "88"]
[EventDate "2006.??.??"]

1. e4 e6 2. d4 d5 3. e5 c5 4. Nf3 Nc6 5. Bb5 Bd7 6. Bxc6 Bxc6 7. c3 Qb6 8. O-O
cxd4 9. cxd4 Ne7 10. b3 Nf5 11. Bb2 a5 12. a4 Be7 13. h3 O-O 14. Qd3 Rac8 15.
Ba3 Bb4 16. Bxb4 Qxb4 17. Qc3 Qb6 18. Qd3 Bd7 19. Nbd2 Rc7 20. g4 Ne7 21. h4
Rfc8 22. Rfd1 Rc3 23. Qb1 Qb4 24. Ra2 Nc6 25. Ng5 g6 26. h5 Qxd4 27. Nge4 Qxe5
28. Nxc3 Qxc3 29. Nf1 Ne5 30. Nh2 Nf3+ 31. Kh1 Nxh2 32. Kxh2 Qf3 33. Rg1 Rc3
34. Rg3 Qf4 35. Qg1 Rxb3 36. Kh3 Rb4 37. Raa3 e5 38. Raf3 Qg5 39. Rd3 Bxg4+ 40.
Kg2 Qxh5 41. Qh2 Qf5 42. Rge3 Be2 43. Rxe2 Qxd3 44. Re3 Rg4+ 0-1

[Event "Ostsjaellands EMT 2006"]
[Site "Faxe"]
[Date "2006.03.29"]
[Round "3"]
[White "Wehlast, Svend Erik"]
[Black "Nesheim, Erik"]
[Result "0-1"]
[WhiteElo "1516"]
[BlackElo "1223"]
[PlyCount "150"]
[EventDate "2006.??.??"]

1. Nf3 b6 2. d4 e6 3. c4 h6 4. Nc3 Bb4 5. a3 Bxc3+ 6. bxc3 d6 7. Bf4 Bb7 8. e3
Nd7 9. h3 Ne7 10. Be2 g5 11. Bh2 Ng6 12. Bd3 Qe7 13. e4 e5 14. Nd2 Nf4 15. Bxf4
gxf4 16. g4 f6 17. Qa4 h5 18. Ke2 h4 19. Qc2 c5 20. Nf3 Qf7 21. d5 Qe7 22. a4
a5 23. Rhg1 O-O-O 24. Kd2 Rdg8 25. Be2 Qh7 26. Rg2 Rg7 27. Rag1 Rhg8 28. Nh2
Qh6 29. Rb1 f3+ 30. Kd3 fxg2 31. Nf3 Rxg4 32. hxg4 Rxg4 33. Qd2 Rf4 34. Qe3 Kc7
35. Ng1 Nf8 36. Nh3 Ng6 37. Kc2 Qg7 38. Rg1 f5 39. exf5 Rxf5 40. Rxg2 e4 41.
Rg5 Bc8 42. Bh5 Rf6 43. Nf4 Rxf4 44. Rxg6 Qf8 45. Rg7+ Kb8 46. Kb3 h3 47. Qg3
Rxf2 48. Rg8 Qf4 49. Rxc8+ Kxc8 50. Qg8+ Qf8 51. Qe6+ Kc7 52. Be8 Qg7 53. Qxh3
Rf3 54. Qd7+ Qxd7 55. Bxd7 Kxd7 56. Kc2 e3 57. Kd3 Rh3 58. Ke2 Ke7 59. Kd3 Kf6
60. Ke2 Ke5 61. Kd3 Kf4 62. Ke2 Ke4 63. Kf1 Kf3 64. Kg1 Rh4 65. Kf1 Rxc4 66.
Kg1 Rxc3 67. Kh1 Rd3 68. Kg1 Rxd5 69. Kh1 c4 70. Kg1 c3 71. Kh1 c2 72. Kh2 Rd2+
73. Kh3 c1=Q 74. Kh4 Qg1 75. Kh5 Rh2# 0-1

[Event "Ostsjaellands EMT 2006"]
[Site "Faxe"]
[Date "2006.04.03"]
[Round "3"]
[White "Sorensen, Soren"]
[Black "Andersen, Bjarne Hjorth"]
[Result "1-0"]
[WhiteElo "1736"]
[BlackElo "1783"]
[PlyCount "67"]
[EventDate "2006.??.??"]

1. e4 c6 2. d4 d5 3. e5 Bf5 4. Bd3 Bxd3 5. Qxd3 e6 6. Ne2 Qb6 7. O-O Qa6 8. Qf3
Nd7 9. Ng3 c5 10. c3 Rc8 11. Be3 Ne7 12. Nd2 cxd4 13. cxd4 Nc6 14. Rfc1 Be7 15.
Qg4 g6 16. Bh6 Bf8 17. Qf4 Qb6 18. Nf3 Qd8 19. h4 Bxh6 20. Qxh6 Qe7 21. h5 Qf8
22. Qe3 Qe7 23. a3 O-O 24. Kh2 Kg7 25. Rh1 f5 26. exf6+ Qxf6 27. Kg1 Rce8 28.
hxg6 hxg6 29. Qh6+ Kf7 30. Qh7+ Qg7 31. Ng5+ Kf6 32. Qh4 Rh8 33. N5e4+ Kf7 34.
Nd6+ 1-0

[Event "Ostsjaellands EMT 2006"]
[Site "Faxe"]
[Date "2006.04.05"]
[Round "4"]
[White "Christoffersen, Ib"]
[Black "Nielsen, Poul Erik2"]
[Result "1-0"]
[WhiteElo "1382"]
[BlackElo "1241"]
[PlyCount "73"]
[EventDate "2006.??.??"]

1. d4 Nf6 2. Nc3 e6 3. Bg5 Be7 4. e3 b6 5. Be2 Bb7 6. Bf3 d5 7. Nge2 O-O 8. O-O
Ba6 9. Re1 Nbd7 10. Ng3 Bb7 11. Nce2 c5 12. c3 cxd4 13. cxd4 Rc8 14. a3 h6 15.
Bxf6 Nxf6 16. Nf4 Nh7 17. Qd3 Ng5 18. Bd1 f5 19. h4 Ne4 20. Nxe6 Qd7 21. Nxf8
Rxf8 22. Nxe4 fxe4 23. Qe2 Bxh4 24. Rf1 Qc8 25. Qh5 Bg5 26. Bg4 Qc2 27. Be2
Qxb2 28. a4 Qb4 29. Qg4 Qe7 30. Bb5 Bc8 31. Qe2 Bh4 32. f4 exf3 33. Rxf3 Rxf3
34. Qxf3 Qg5 35. Rf1 Bg4 36. Qf8+ Kh7 37. Bd3+ 1-0

[Event "Ostsjaellands EMT 2006"]
[Site "Faxe"]
[Date "2006.04.05"]
[Round "4"]
[White "Andersen, Bjarne Hjorth"]
[Black "Hansen, Egon"]
[Result "1-0"]
[WhiteElo "1783"]
[BlackElo "1541"]
[PlyCount "37"]
[EventDate "2006.??.??"]

1. e4 e5 2. Nf3 Nc6 3. d4 exd4 4. Nxd4 Qf6 5. Be3 Bc5 6. c3 Nge7 7. g3 O-O 8.
Bg2 d6 9. O-O Bxd4 10. cxd4 Ng6 11. Nc3 Bd7 12. Qd2 Qd8 13. f4 f5 14. e5 dxe5
15. Bd5+ Kh8 16. dxe5 Re8 17. Rad1 Qe7 18. Qf2 b6 19. Qg2 1-0

[Event "Ostsjaellands EMT 2006"]
[Site "Faxe"]
[Date "2006.04.05"]
[Round "4"]
[White "Hansen, Knud"]
[Black "Nesheim, Erik"]
[Result "1-0"]
[WhiteElo "1650"]
[BlackElo "1223"]
[PlyCount "73"]
[EventDate "2006.??.??"]

1. e4 b6 2. Bc4 e6 3. a3 Bb7 4. d3 h6 5. Nf3 d6 6. Nc3 a6 7. Be3 Nd7 8. d4 Ne7
9. Bd3 g5 10. h3 Ng6 11. g3 Bg7 12. Qe2 Qe7 13. Nd2 b5 14. Nb3 Rb8 15. Na2 O-O
16. O-O Kh8 17. Na5 Ba8 18. Nb4 Rbc8 19. c3 c5 20. Nxa6 c4 21. Bc2 Nb8 22. Nxb8
Rxb8 23. b4 d5 24. e5 Rg8 25. Rae1 Qe8 26. Qh5 Kh7 27. Bxg5 Rh8 28. Bd2 Kg8 29.
f4 Bf8 30. f5 exf5 31. Bxf5 Ne7 32. Bc2 Rb6 33. Rf6 Rxf6 34. exf6 Qb8 35. Qg4+
Ng6 36. Bxg6 Bd6 37. Bf5+ 1-0

[Event "Ostsjaellands EMT 2006"]
[Site "Faxe"]
[Date "2006.04.05"]
[Round "4"]
[White "Pedersen, Bjarne G W"]
[Black "Lillebro, Verner"]
[Result "1-0"]
[WhiteElo "1072"]
[BlackElo "1226"]
[PlyCount "89"]
[EventDate "2006.??.??"]

1. d4 Nf6 2. c4 d6 3. Nf3 b6 4. Nc3 Bb7 5. d5 e6 6. e4 exd5 7. cxd5 Be7 8. Bc4
Ba6 9. Qa4+ c6 10. Bxa6 b5 11. Bxb5 cxb5 12. Nxb5 Nfd7 13. Bf4 Qb6 14. e5 O-O
15. exd6 Nc5 16. Qc4 Bf6 17. Be5 Nbd7 18. Bxf6 Nxf6 19. O-O Nfe4 20. b4 a6 21.
bxc5 Nxc5 22. Rab1 Rac8 23. Nbd4 Qxd6 24. Nf5 Qf6 25. Qg4 Rfd8 26. Rb6 Ne6 27.
dxe6 fxe6 28. N5d4 Qg6 29. Qxe6+ Qxe6 30. Nxe6 Re8 31. Ned4 a5 32. Re6 Rf8 33.
Nc6 Kh8 34. Nce5 Rc7 35. Ng5 a4 36. Ra6 Kg8 37. Ne6 Re7 38. Nxf8 Rxe5 39. Ra8
Kf7 40. Nxh7 a3 41. f4 Re2 42. Rxa3 Kg8 43. Ng5 Re8 44. Kf2 Rf8 45. g3 1-0

[Event "Ostsjaellands EMT 2006"]
[Site "Faxe"]
[Date "2006.04.05"]
[Round "4"]
[White "Andersen, Hans Poul"]
[Black "Eckert, Svend"]
[Result "0-1"]
[WhiteElo "1419"]
[BlackElo "1568"]
[PlyCount "94"]
[EventDate "2006.??.??"]

1. e4 c6 2. d4 d5 3. e5 Bf5 4. Bd3 Qc8 5. h3 h5 6. Nf3 Nh6 7. Nh4 Bxd3 8. Qxd3
e6 9. Bxh6 Rxh6 10. Qg3 c5 11. Qc3 Nd7 12. Nf3 cxd4 13. Qxc8+ Rxc8 14. Nxd4
Nxe5 15. O-O Rg6 16. Nd2 Bc5 17. N4f3 Nxf3+ 18. Nxf3 Bd6 19. c3 Rc4 20. Rad1 b5
21. a3 a5 22. Rd3 Rc7 23. Re1 Kd7 24. Ne5+ Bxe5 25. Rxe5 f5 26. Ree3 Rf6 27. f4
h4 28. b3 Kd6 29. Re2 Rf8 30. Rde3 Re8 31. Rd3 Rc6 32. Kh2 Rec8 33. Ree3 Rg8
34. g3 g5 35. fxg5 Rxg5 36. gxh4 Rh5 37. Rg3 Rxh4 38. Rg6 Ke5 39. Re3+ Re4 40.
Rgg3 f4 41. Rg5+ Kf6 42. Rxe4 dxe4 43. Rxb5 Rxc3 44. Rxa5 Rxb3 45. Ra4 Kf5 46.
Ra8 e3 47. Kg2 Rb2+ 0-1

[Event "Ostsjaellands EMT 2006"]
[Site "Faxe"]
[Date "2006.04.05"]
[Round "4"]
[White "Jepsen, Finn"]
[Black "Toftvang, Ove"]
[Result "1/2-1/2"]
[WhiteElo "1200"]
[BlackElo "1257"]
[PlyCount "123"]
[EventDate "2006.??.??"]

1. Nf3 d5 2. d4 Nc6 3. e3 a6 4. Be2 Nf6 5. Nc3 Bf5 6. a3 e6 7. O-O Bd6 8. g3 h6
9. b3 Ne7 10. Ne5 Bh3 11. Re1 c6 12. Ng4 Ne4 13. Nxe4 dxe4 14. c4 f6 15. c5 Bc7
16. Qc2 h5 17. Nxf6+ gxf6 18. Qxe4 Qd5 19. Qxd5 exd5 20. b4 O-O-O 21. a4 f5 22.
b5 h4 23. bxa6 Kb8 24. Rb1 Ka8 25. axb7+ Ka7 26. a5 Rb8 27. a6 Rbg8 28. Bf1
hxg3 29. fxg3 Bxg3 30. Bxh3 Rxh3 31. Re2 Bxh2+ 32. Kf2 Bg3+ 33. Kg2 Rh2+ 34.
Kf3 Rh3 35. Kg2 Rh2+ 36. Kf3 Rxe2 37. Kxe2 Bb8 38. Ra1 Rg7 39. Kd3 Rg1 40. Kc2
Ng6 41. Ra3 Rg2+ 42. Bd2 f4 43. Kd3 Bc7 44. Ba5 Bxa5 45. Rxa5 f3 46. Ra1 f2 47.
Rf1 Nh4 48. Ke2 Nf5 49. Rxf2 Rxf2+ 50. Kxf2 Ng7 51. Kf3 Ne6 52. Kg4 Nc7 53. Kf4
Nxa6 54. e4 dxe4 55. Kxe4 Nc7 56. Ke5 Kxb7 57. Kd6 Nd5 58. Kd7 Nb4 59. Kd6 Ka6
60. d5 cxd5 61. c6 Nxc6 62. Kxd5 1/2-1/2

[Event "Ostsjaellands EMT 2006"]
[Site "Faxe"]
[Date "2006.04.05"]
[Round "4"]
[White "Eriksen, Keld"]
[Black "Sorensen, Soren"]
[Result "1-0"]
[WhiteElo "1742"]
[BlackElo "1736"]
[PlyCount "83"]
[EventDate "2006.??.??"]

1. e4 c5 2. Nf3 Nc6 3. d4 cxd4 4. Nxd4 d6 5. Nc3 a6 6. a4 Nf6 7. Bc4 g6 8. O-O
Bg7 9. f3 Qb6 10. Be3 O-O 11. Nce2 Rd8 12. c3 Qc7 13. Ba2 d5 14. e5 Nxe5 15.
Qc1 Nc6 16. Nc2 Bf5 17. Na3 e5 18. Ng3 Be6 19. b4 Rac8 20. a5 Nxa5 21. bxa5
Qxa5 22. Bd2 Bf8 23. Nc2 Qb6+ 24. Kh1 Rd7 25. Qe1 Bd6 26. f4 exf4 27. Bxf4 Ne8
28. Nd4 Ng7 29. Be3 Qb2 30. Nge2 Bb8 31. Bb3 Nf5 32. Ra2 Qxa2 33. Bxa2 Nxe3 34.
Rf3 Ng4 35. h3 Ne5 36. Re3 Re7 37. Qh4 Ree8 38. Nf4 Nc4 39. Bxc4 Rxc4 40. Nfxe6
fxe6 41. Qf6 Ra4 42. Re1 1-0

[Event "Ostsjaellands EMT 2006"]
[Site "Faxe"]
[Date "2006.04.05"]
[Round "4"]
[White "Hansen, Arne Mandrup"]
[Black "Eriksen, Knud Ejler"]
[Result "1-0"]
[WhiteElo "1371"]
[BlackElo "1142"]
[PlyCount "107"]
[EventDate "2006.??.??"]

1. e4 e5 2. Nf3 Nc6 3. d4 exd4 4. Nxd4 Nxd4 5. Qxd4 d6 6. Nd2 Nf6 7. Nf3 h6 8.
Bc4 Bd7 9. O-O Be7 10. e5 dxe5 11. Nxe5 O-O 12. Re1 a6 13. Ng6 Re8 14. Nxe7+
Rxe7 15. Bf4 c6 16. f3 Qe8 17. Qc3 Bf5 18. Bf1 Nd5 19. Rxe7 Qxe7 20. Qe5 Qxe5
21. Bxe5 Bxc2 22. Bg3 Re8 23. Re1 Rxe1 24. Bxe1 b5 25. a3 c5 26. g3 c4 27. Bg2
f6 28. f4 Ne3 29. Bb7 Nd1 30. Bxa6 Ba4 31. Bc3 Nxc3 32. bxc3 Kf7 33. Kf2 f5 34.
Ke3 Ke7 35. Bb7 Kd6 36. Kd4 g6 37. Bg2 Bd1 38. h4 Bg4 39. Bb7 Bd1 40. Bd5 Bh5
41. Bf7 Bg4 42. Bxg6 Bh3 43. Be8 Bg2 44. Bxb5 Bd5 45. a4 Bc6 46. Bxc6 Kxc6 47.
Kxc4 Kb6 48. Kb4 Ka6 49. c4 Kb6 50. c5+ Kc6 51. a5 Kb7 52. Kb5 Ka7 53. c6 Kb8
54. a6 1-0

[Event "Ostsjaellands EMT 2006"]
[Site "Faxe"]
[Date "2006.04.05"]
[Round "4"]
[White "Jensen, Leif"]
[Black "Refsgaard, Kaj"]
[Result "1-0"]
[WhiteElo "2014"]
[BlackElo "1785"]
[PlyCount "107"]
[EventDate "2006.??.??"]

1. e4 c5 2. g3 Nc6 3. Bg2 Nf6 4. f4 d6 5. d3 g6 6. c3 Bg7 7. Nf3 Qc7 8. O-O O-O
9. Na3 a6 10. Nc4 Rb8 11. Qc2 b5 12. Ne3 a5 13. a3 b4 14. axb4 axb4 15. Bd2
bxc3 16. bxc3 Bd7 17. d4 Rfc8 18. dxc5 dxc5 19. e5 Ng4 20. Nd5 Qd8 21. h3 Bf5
22. Qa2 Be6 23. Ng5 Ra8 24. Qc4 Na5 25. Rxa5 Rxa5 26. hxg4 Bxg4 27. Rf2 e6 28.
Ne3 h5 29. Nxg4 hxg4 30. Be3 Ra1+ 31. Rf1 Ra5 32. Ne4 Rb8 33. Qe2 Rba8 34. Qxg4
Qd3 35. Qf3 Bf8 36. Bf2 Qc2 37. Nf6+ Kg7 38. Qg4 Be7 39. Bxa8 Rxa8 40. Qf3 Ra3
41. Ne4 Ra4 42. Re1 Ra2 43. Qd1 Qb2 44. Qd7 Bf8 45. Qd8 Qc2 46. Qf6+ Kg8 47.
Qh4 Bg7 48. Qd8+ Bf8 49. Qd1 Qb2 50. Qb1 Qa3 51. Qb8 Qa4 52. Bxc5 Qc2 53. Qxf8+
Kh7 54. Ng5# 1-0

[Event "Ostsjaellands EMT 2006"]
[Site "Faxe"]
[Date "2006.04.07"]
[Round "4"]
[White "Christoffersen, Per"]
[Black "Christensen, Torben"]
[Result "1-0"]
[WhiteElo "1511"]
[BlackElo "1333"]
[PlyCount "59"]
[EventDate "2006.??.??"]

1. d4 d5 2. Nf3 c5 3. e3 Nf6 4. b3 e6 5. Bd3 Bd6 6. Bb2 O-O 7. O-O Nbd7 8. Nbd2
b6 9. Ne5 Bb7 10. f4 cxd4 11. exd4 Ne4 12. Rf3 Ndf6 13. Rh3 Rc8 14. Nxe4 dxe4
15. Bc4 Bxe5 16. fxe5 Nd5 17. Qh5 h6 18. Rg3 Kh8 19. Qg4 Rg8 20. Qxe4 Qe7 21.
Bd3 g6 22. Qg4 Qg5 23. Qf3 Qe7 24. Qf2 Rg7 25. Rh3 Rh7 26. Rf1 Rf8 27. Bxg6
fxg6 28. Qxf8+ Qxf8 29. Rxf8+ Kg7 30. Rhf3 1-0

[Event "Ostsjaellands EMT 2006"]
[Site "Faxe"]
[Date "2006.04.11"]
[Round "5"]
[White "Christoffersen, Per"]
[Black "Andersen, Hans Poul"]
[Result "1-0"]
[WhiteElo "1511"]
[BlackElo "1419"]
[PlyCount "93"]
[EventDate "2006.??.??"]

1. d4 d5 2. Nf3 Nc6 3. Bf4 e6 4. e3 a6 5. Bd3 h6 6. O-O Nf6 7. c3 Bd6 8. Bg3
Bxg3 9. fxg3 O-O 10. Nbd2 Bd7 11. e4 dxe4 12. Nxe4 Nd5 13. Qd2 f5 14. Nc5 Bc8
15. Rae1 Rf6 16. Ne5 Nxe5 17. Rxe5 b6 18. Nb3 Qf8 19. c4 Ne7 20. Qf4 Ng6 21.
Qf3 Bd7 22. Ree1 c6 23. c5 b5 24. Na5 Qc8 25. Bc2 Ne7 26. Qd3 Nd5 27. a3 Rb8
28. b4 Qf8 29. Nb3 Qf7 30. Nd2 Qg6 31. Nf3 Qh7 32. Ne5 Rd8 33. g4 g6 34. gxf5
exf5 35. Qg3 Kh8 36. Bb3 Be8 37. Qh4 g5 38. Qf2 Bg6 39. Bxd5 Rxd5 40. Qf3 Qg8
41. Ng4 Bh5 42. Nxf6 Bxf3 43. Nxg8 Be4 44. Nf6 Rxd4 45. Nxe4 fxe4 46. Rf6 Kg7
47. Rxc6 1-0

[Event "Ostsjaellands EMT 2006"]
[Site "Faxe"]
[Date "2006.04.11"]
[Round "5"]
[White "Christensen, Torben"]
[Black "Jepsen, Finn"]
[Result "1-0"]
[WhiteElo "1333"]
[BlackElo "1200"]
[PlyCount "51"]
[EventDate "2006.??.??"]

1. d4 Nf6 2. c4 g6 3. Nf3 Bg7 4. Nc3 d5 5. cxd5 Nxd5 6. e4 Nxc3 7. bxc3 O-O 8.
Bc4 Bg4 9. O-O e6 10. Qd3 a6 11. Ne1 b5 12. Bb3 c5 13. Bd1 Bxd1 14. Qxd1 cxd4
15. Ba3 Re8 16. cxd4 Bxd4 17. Rc1 e5 18. Nf3 Qb6 19. Qb3 Qe6 20. Qxe6 Rxe6 21.
Rc8+ Kg7 22. Rfc1 Bb6 23. Ng5 Kf6 24. Nxe6 fxe6 25. Rf8+ Kg5 26. Rcc8 1-0

[Event "Ostsjaellands EMT 2006"]
[Site "Faxe"]
[Date "2006.04.19"]
[Round "5"]
[White "Andersen, Bjarne Hjorth"]
[Black "Jensen, Leif"]
[Result "1/2-1/2"]
[WhiteElo "1783"]
[BlackElo "2014"]
[PlyCount "68"]
[EventDate "2006.??.??"]

1. e4 e6 2. d4 d5 3. exd5 exd5 4. Bd3 Bd6 5. Qf3 c6 6. Ne2 Qf6 7. Qxf6 Nxf6 8.
Bf4 Bxf4 9. Nxf4 O-O 10. O-O Re8 11. Nd2 Bg4 12. f3 Bh5 13. Rfe1 Nbd7 14. Kf2
Bg6 15. Nxg6 hxg6 16. g3 Kf8 17. c3 Rad8 18. Rxe8+ Nxe8 19. Re1 Nd6 20. Re2 Nb6
21. Bc2 Re8 22. Rxe8+ Kxe8 23. Ke2 Ndc4 24. Nxc4 Nxc4 25. b3 Nd6 26. Ke3 Ke7
27. Bd3 b6 28. c4 dxc4 29. bxc4 c5 30. d5 g5 31. f4 gxf4+ 32. Kxf4 f6 33. h4
Kf7 34. h5 Ke7 1/2-1/2

[Event "Ostsjaellands EMT 2006"]
[Site "Faxe"]
[Date "2006.04.19"]
[Round "5"]
[White "Nesheim, Erik"]
[Black "Christoffersen, Ib"]
[Result "0-1"]
[WhiteElo "1223"]
[BlackElo "1382"]
[PlyCount "130"]
[EventDate "2006.??.??"]

1. b3 d5 2. Bb2 Nc6 3. e3 a6 4. d3 e5 5. a3 Nf6 6. h3 Bc5 7. Ne2 O-O 8. g4 d4
9. e4 Ne7 10. Nd2 b5 11. Nf3 Bb7 12. Bg2 Nc6 13. Ng3 b4 14. a4 Be7 15. Qe2 h6
16. Bc1 Nh7 17. Bd2 Bg5 18. O-O-O Re8 19. h4 Bf4 20. Nh5 Bxd2+ 21. Qxd2 Nf6 22.
Nxf6+ Qxf6 23. g5 Qd6 24. Rdg1 Re6 25. Bh3 Re7 26. Rg2 h5 27. g6 f6 28. Bf5 Na5
29. Qe2 Qc6 30. Kb1 Kf8 31. Nd2 Ree8 32. Qxh5 Ke7 33. Qg4 Bc8 34. h5 Bxf5 35.
Qxf5 Rh8 36. f4 Qe6 37. fxe5 Qxe5 38. Qxe5+ fxe5 39. Nf3 Nc6 40. Rg5 Ke6 41.
Nh4 Ne7 42. Rf1 Raf8 43. Nf5 Nxf5 44. exf5+ Kf6 45. Rfg1 c5 46. Kc1 a5 47. Kd2
Rh6 48. Ke2 Rfh8 49. Kf3 Rxh5 50. Rxh5 Rxh5 51. Ke4 Rxf5 52. Kd5 Rf2 53. Rc1
Kxg6 54. Kxe5 Rf5+ 55. Ke4 Kf6 56. Rg1 g5 57. Rg4 Re5+ 58. Kf3 Re3+ 59. Kf2 Kf5
60. Rg2 g4 61. Kf1 g3 62. Rd2 Kg4 63. Kg2 Kf4 64. Kh3 Re1 65. Kg2 Ke3 0-1

[Event "Ostsjaellands EMT 2006"]
[Site "Faxe"]
[Date "2006.04.19"]
[Round "5"]
[White "Refsgaard, Kaj"]
[Black "Eriksen, Keld"]
[Result "1-0"]
[WhiteElo "1785"]
[BlackElo "1742"]
[PlyCount "53"]
[EventDate "2006.??.??"]

1. d4 d5 2. c4 c6 3. Nc3 Nf6 4. Bg5 Bf5 5. Bxf6 exf6 6. e3 Bb4 7. Rc1 O-O 8.
Nf3 Nd7 9. cxd5 cxd5 10. Be2 Nb6 11. O-O a6 12. Qb3 Be7 13. Nd2 Be6 14. a4 a5
15. Nb5 Bb4 16. Rfd1 Rc8 17. Nb1 Qd7 18. N1c3 Nc4 19. Bd3 b6 20. Qc2 g6 21. Qe2
Rfe8 22. Bxc4 Rxc4 23. h3 f5 24. Na2 Bf8 25. Rxc4 dxc4 26. d5 Bxd5 27. Nac3 1-0

[Event "Ostsjaellands EMT 2006"]
[Site "Faxe"]
[Date "2006.04.19"]
[Round "5"]
[White "Lillebro, Verner"]
[Black "Nielsen, Poul Erik2"]
[Result "0-1"]
[WhiteElo "1226"]
[BlackElo "1241"]
[PlyCount "94"]
[EventDate "2006.??.??"]

1. e4 c5 2. Nf3 a6 3. d4 cxd4 4. Nxd4 g6 5. Bc4 Bg7 6. c3 e6 7. O-O Ne7 8. Nd2
Nbc6 9. Nxc6 Nxc6 10. Nf3 b5 11. Bb3 Bb7 12. a3 Na5 13. Bc2 Rc8 14. Re1 Nc4 15.
Rb1 O-O 16. Bf4 Nxb2 17. Rxb2 Bxc3 18. Ra2 Bxe1 19. Qxe1 Re8 20. Qe3 d5 21. h3
dxe4 22. Bxe4 Bxe4 23. Qxe4 Rc4 24. Qe5 f6 25. Qe3 e5 26. Rd2 Qe7 27. Bh2 Rc1+
28. Ne1 Rec8 29. g4 R8c3 30. Qe4 Kg7 31. Kg2 Rc4 32. Qe3 R1c3 33. Rd3 Rc1 34.
f4 Qb7+ 35. Kf2 exf4 36. Bxf4 Rxe1 37. Qd2 Qb6+ 38. Be3 Rxe3 39. Rxe3 Qc7 40.
Kf3 Rf4+ 41. Ke2 Rc4 42. Kf3 Qc6+ 43. Kg3 Qc7+ 44. Kf3 Rf4+ 45. Ke2 Qc4+ 46.
Qd3 Qa2+ 47. Qd2 Rf2+ 0-1

[Event "Ostsjaellands EMT 2006"]
[Site "Faxe"]
[Date "2006.04.19"]
[Round "5"]
[White "Sorensen, Soren"]
[Black "Hansen, Arne Mandrup"]
[Result "1-0"]
[WhiteElo "1736"]
[BlackElo "1371"]
[PlyCount "75"]
[EventDate "2006.??.??"]

1. e4 d5 2. exd5 Nf6 3. Bc4 Nxd5 4. Ne2 Bf5 5. Nbc3 Nxc3 6. Nxc3 e6 7. d3 Nd7
8. Bd2 Nf6 9. Qe2 Be7 10. O-O-O c6 11. f3 h5 12. Rdg1 Qd6 13. g4 hxg4 14. fxg4
Bg6 15. h4 Nd7 16. h5 Bh7 17. g5 Bf5 18. Re1 b5 19. Bb3 Nc5 20. Qf3 Nxb3+ 21.
axb3 Kd7 22. Bf4 Qb4 23. Ne4 Qa5 24. Kb1 Bb4 25. Re2 Qd8 26. h6 Bxe4 27. Rxe4
Bc5 28. Be5 Qxg5 29. Qxf7+ Qe7 30. Qxe7+ Kxe7 31. Bxg7 Rh7 32. Rhe1 Kd7 33.
Rxe6 Kc7 34. Rf1 Kd7 35. Re5 Kd6 36. Re4 Kd7 37. Rf7+ Kc8 38. Re8# 1-0

[Event "Ostsjaellands EMT 2006"]
[Site "Faxe"]
[Date "2006.04.19"]
[Round "5"]
[White "Toftvang, Ove"]
[Black "Pedersen, Bjarne G W"]
[Result "1-0"]
[WhiteElo "1257"]
[BlackElo "1072"]
[PlyCount "119"]
[EventDate "2006.??.??"]

1. e4 e5 2. Nf3 Nc6 3. Bc4 Bc5 4. O-O Nf6 5. d3 O-O 6. a3 b6 7. b4 Be7 8. Ba2
d6 9. h3 a5 10. b5 Na7 11. a4 c6 12. bxc6 Nxc6 13. c3 Ba6 14. Nh2 d5 15. exd5
Nxd5 16. Qf3 Nxc3 17. Nxc3 Nd4 18. Qd1 Nf5 19. Bb1 Bf6 20. Ne4 Be7 21. Ba3 Re8
22. Bxe7 Rxe7 23. Ra3 b5 24. Nc5 b4 25. Ra1 Qd4 26. Nb3 Qd5 27. Nf3 Rae8 28.
Re1 Nd6 29. Ng5 Bb7 30. Ne4 f5 31. Ba2 Kh8 32. Nbc5 fxe4 33. Nxb7 Qxb7 34. dxe4
Nxe4 35. Bb1 Nf6 36. Qb3 Qd5 37. Qe3 Qd4 38. Ba2 Qd7 39. Bc4 Qb7 40. Bb5 Nd5
41. Qe4 Rf8 42. Bd3 g6 43. g3 Qd7 44. Kg2 Nc3 45. Qh4 Qc6+ 46. Kg1 Ref7 47. Rf1
Rf3 48. Be4 Qxe4 49. Rae1 Qxh4 50. gxh4 Nxa4 51. Rxe5 Ra8 52. Kg2 Rc3 53. Rd1
Nb2 54. Rd7 Rcc8 55. Ree7 Nc4 56. Rxh7+ Kg8 57. Rhg7+ Kf8 58. Rh7 Ke8 59. Rb7
Rc7 60. Rbxc7 1-0

[Event "Ostsjaellands EMT 2006"]
[Site "Faxe"]
[Date "2006.04.19"]
[Round "5"]
[White "Eckert, Svend"]
[Black "Hansen, Knud"]
[Result "0-1"]
[WhiteElo "1568"]
[BlackElo "1650"]
[PlyCount "94"]
[EventDate "2006.??.??"]

1. c4 e5 2. Nc3 Nc6 3. e3 Nf6 4. d4 exd4 5. exd4 d6 6. Nf3 Be7 7. Be2 O-O 8.
O-O h6 9. a3 Bf5 10. b4 a6 11. Bb2 Re8 12. Re1 Bf8 13. Qd2 Qd7 14. Nd1 Nh7 15.
Ne3 Ne7 16. Nxf5 Nxf5 17. Bd3 g6 18. Qc2 Ne7 19. Re4 Bg7 20. Rae1 Nf6 21. R4e2
Nh5 22. Bc1 Kf8 23. h3 Nf6 24. d5 c6 25. dxc6 Nxc6 26. Be3 Ne5 27. Nxe5 Rxe5
28. f4 Ree8 29. c5 Rac8 30. Qb3 d5 31. Bd4 Rxe2 32. Rxe2 Re8 33. Be5 Qd8 34.
Bd6+ Kg8 35. Re5 Bf8 36. Bxf8 Kxf8 37. a4 Qc7 38. Rxe8+ Kxe8 39. g3 Qe7 40. Kf2
Qe6 41. b5 Qxh3 42. Bf1 Ne4+ 43. Ke1 Qxf1+ 44. Kxf1 Nd2+ 45. Ke2 Nxb3 46. bxa6
bxa6 47. c6 Kd8 0-1

[Event "Ostsjaellands EMT 2006"]
[Site "Faxe"]
[Date "2006.04.21"]
[Round "6"]
[White "Andersen, Hans Poul"]
[Black "Lillebro, Verner"]
[Result "0-1"]
[WhiteElo "1419"]
[BlackElo "1226"]
[PlyCount "58"]
[EventDate "2006.??.??"]

1. e4 e5 2. Nf3 f5 3. d3 fxe4 4. dxe4 d6 5. h3 Nf6 6. Bd3 Nc6 7. a3 Be7 8. Nc3
b6 9. Bd2 Bb7 10. O-O Qd7 11. Bg5 O-O-O 12. Nd5 h6 13. Nxe7+ Nxe7 14. Bxf6 gxf6
15. Kh2 Rdg8 16. Nh4 Kb8 17. Qf3 f5 18. Rfe1 Rg5 19. Qe2 f4 20. c4 Rhg8 21. Rg1
Bc8 22. Qf3 Ng6 23. Nf5 Bb7 24. b4 Rxf5 25. Qg4 Rf7 26. Qxd7 Rxd7 27. a4 Nh4
28. f3 Rdg7 29. Bf1 Nxf3+ 0-1

[Event "Ostsjaellands EMT 2006"]
[Site "Faxe"]
[Date "2006.04.24"]
[Round "6"]
[White "Hansen, Arne Mandrup"]
[Black "Christensen, Torben"]
[Result "1-0"]
[WhiteElo "1371"]
[BlackElo "1333"]
[PlyCount "65"]
[EventDate "2006.??.??"]

1. d4 d5 2. Bf4 c5 3. e3 Nf6 4. c3 e6 5. Nd2 Nc6 6. Ngf3 Be7 7. Ne5 O-O 8. Bd3
c4 9. Bc2 h6 10. h4 Nxe5 11. Bxe5 Bd6 12. f4 b6 13. g4 Bxe5 14. fxe5 Nd7 15.
Qe2 f6 16. O-O-O b5 17. Bg6 Qa5 18. a3 Ba6 19. g5 fxg5 20. hxg5 b4 21. Nb1 bxa3
22. Nxa3 Rab8 23. Nb1 Qa1 24. gxh6 Rf3 25. Bh7+ Kxh7 26. hxg7+ Kg8 27. Rh8+
Kxg7 28. Rxb8 Rg3 29. Rd8 Nb6 30. Qh2 Rxe3 31. Qh8+ Kg6 32. Qf6+ Kh5 33. Rh1+
1-0

[Event "Ostsjaellands EMT 2006"]
[Site "Faxe"]
[Date "2006.04.26"]
[Round "6"]
[White "Eckert, Svend"]
[Black "Eriksen, Keld"]
[Result "0-1"]
[WhiteElo "1568"]
[BlackElo "1742"]
[PlyCount "50"]
[EventDate "2006.??.??"]

1. c4 e5 2. Nc3 f5 3. g3 c6 4. Bg2 Nf6 5. e4 d6 6. Nge2 Be7 7. O-O O-O 8. d4
Be6 9. d5 cxd5 10. cxd5 Bd7 11. Kh1 fxe4 12. Nxe4 Bf5 13. N2c3 Nbd7 14. Be3 Ng4
15. Qd2 Nxe3 16. Qxe3 Nf6 17. f3 Qa5 18. Rfd1 b5 19. a4 b4 20. Nb5 Bxe4 21.
fxe4 Ng4 22. Qb3 Nf2+ 23. Kg1 Nxd1 24. Qxd1 a6 25. Qg4 axb5 0-1

[Event "Ostsjaellands EMT 2006"]
[Site "Faxe"]
[Date "2006.04.26"]
[Round "6"]
[White "Wehlast, Svend Erik"]
[Black "Eriksen, Knud Ejler"]
[Result "1-0"]
[WhiteElo "1516"]
[BlackElo "1142"]
[PlyCount "69"]
[EventDate "2006.??.??"]

1. Nf3 Nc6 2. d4 d5 3. e3 Bg4 4. h3 Bh5 5. Be2 Nf6 6. a3 e6 7. c4 dxc4 8. Bxc4
Bd6 9. Nbd2 a6 10. b4 b5 11. Bd3 O-O 12. Bb2 Qd7 13. Qc2 Rfc8 14. Ne4 Nxe4 15.
Bxe4 Bg6 16. Qxc6 Qe7 17. Bxg6 fxg6 18. Ne5 Qg5 19. O-O Qf5 20. e4 Qf4 21. Bc1
Qh4 22. Nf3 Qh5 23. e5 Bf8 24. Ng5 Re8 25. g4 Qh4 26. Kg2 h6 27. Nxe6 Rec8 28.
Nxf8 Kxf8 29. Qxg6 Qd8 30. e6 Qd5+ 31. Kg1 Kg8 32. Bxh6 Qxd4 33. Rad1 Qc3 34.
Rd3 Qb2 35. Rd7 1-0